| 000 | 01396nam a2200253Ia 4500 | ||
|---|---|---|---|
| 999 |
_c51564 _d51564 |
||
| 001 | 18555 | ||
| 003 | GE_BSU | ||
| 005 | 20230313150305.0 | ||
| 008 | 181216s2016||||ge |||||||||||||| ||geo|| | ||
| 020 | _a9789941465246 | ||
| 040 | _cGE_BSU | ||
| 041 | _ageo | ||
| 080 | _a321 ჩ-12 | ||
| 245 |
_aჩაგვრის სოციალური და პოლიტიკური ასპექტები : _bთეორია და პრაქტიკა / _cრედაქტორი: ლაშა ქავთარაძე; გამოცემაზე პასუხისმგებელი: თამუნა ქებურია; ადამიანის და უფლებების სწავლებისა და მონიტორინგის ცენტრი (EMC). |
||
| 264 |
_aთბილისი, _c2016. |
||
| 300 |
_a149 გვ.; _b19 სმ. |
||
| 653 | _aპოლიტიკა | ||
| 653 | _aადამიანის უფლებები. | ||
| 653 | _aადამიანის თავისუფლებები. | ||
| 653 | _aსოციალური პოლიტიკა. | ||
| 700 |
_aქავთარაძე, ლაშა _eრედაქტორი _917191 |
||
| 700 |
_aქებურია, თამუნა _eპასუხისმგებელი _917192 |
||
| 942 |
_cBK _2udc |
||